LEADER 01259nam a2200301 i 4500 001 991002647889707536 008 070717s2007 it a 000 0 ita d 020 $a9788860811554 035 $ab13559345-39ule_inst 040 $aDip.to Scienze pedagogiche$bita 082 0 $a372 245 02$aL'accoglienza del bambino nella cittą globale /$ca cura di Pierpaolo Limone 260 $aRoma :$bArmando,$c2007 300 $a239 p. :$bill. ;$c24 cm 440 4$aGli anni magici 504 $aCon bibliografia 650 4$aFanciulli$xAssistenza e previdenza$zEuropa 650 4$aEducazione prescolastica$zEuropa 650 4$aPrevidenza scolastica$zEuropa 650 4$aTelevisione$xEffetti sull'infanzia 700 1 $aLimone, Pierpaolo 907 $a.b13559345$b02-04-14$c17-07-07 912 $a991002647889707536 945 $aLE022 372 LIM01.01$g1$i2022000123891$lle022$nc. 01$nLE022/DEBENEDETTO/2007$op$pE21.00$q-$rl$s- $t0$u8$v1$w8$x0$y.i14522366$z23-07-07 945 $aLE022 372 LIM01.01$g2$i2022000123907$lle022$nc. 02$nLE022/DEBENEDETTO/2007$op$pE21.00$q-$rl$s- $t0$u6$v0$w6$x0$y.i14522378$z23-07-07 996 $aAccoglienza del bambino nella cittą globale$91218345 997 $aUNISALENTO 998 $ale022$b17-07-07$cm$da $e-$fita$git $h2$i0 LEADER 02077nam0 2200409 i 450 001 UMC0651823 005 20251003044431.0 010 $a8854805084 020 $aIT$b2007-1548 100 $a20090922d2006 ||||0itac50 ba 101 | $aita 102 $ait 181 1$6z01$ai $bxxxe 182 1$6z01$an 200 1 $aRaccolta coordinata dei principi contabili internazionali IAS/IFRS e relative interpretazioni SIC/IFRIC$fGiuseppe Ceriani, Beatrice Frazza 210 $aRoma$cAracne$d2006 215 $a1 v. (paginazione varia)$d29 cm 300 $aIn appendice: Regolamento n. 1606/2002 art. 1 e 25 della Legge 306/2003, D. lgs. 38/2005, provvedimento Banca d'Italia, provvedimento ISVAP, documento di consultazione CONSOB. 606 $aBilanci$xRegolamenti comunitari$2FIR$3CFIC170353$9E 676 $a657$9CONTABILITA$v14 696 $aRegolamenti della Comunitą europea$aRegolamenti della CEE$aBilanci d'esercizio$aBilancio$aBilancio consuntivo$aBilanci di esercizio 699 $aRegolamenti comunitari$yRegolamenti della Comunitą europea 699 $aRegolamenti comunitari$zRegolamenti della CEE 699 $aBilanci$yBilanci d'esercizio 699 $aBilanci$zBilancio 699 $aBilanci$yBilancio consuntivo 699 $aBilanci$yBilanci di esercizio 700 1$aCeriani$b, Giuseppe$3CFIV041938$4070$0113024 701 1$aFrazza$b, Beatrice$3UMCV299945$4070$0596595 801 3$aIT$bIT-000000$c20090922 850 $aIT-BN0095 901 $bNAP 01$cPOZZO LIB.$nVi sono collocati fondi di economia, periodici di ingegneria e scienze, periodici di economia e statistica e altri fondi comprendenti documenti di economia pervenuti in dono. 912 $aUMC0651823 950 0$aBiblioteca Centralizzata di Ateneo$b1 v.$c1 v.$d 01POZZO LIB.ECON MON 1990$e 0101 0000193245E VMA 1 v. (Precedente collocazione: DASES D 13)$fB $h20090922$i20090922 977 $a 01 996 $aRaccolta coordinata dei principi contabili internazionali IAS$9988956 997 $aUNISANNIO